| 000 | 00956cam a2200253 a 4500 | ||
|---|---|---|---|
| 999 |
_c128962 _d128962 |
||
| 001 | 15778384 | ||
| 003 | ARRUPE | ||
| 005 | 20190212115536.0 | ||
| 008 | 090617s2009 rh a 000 0 eng | ||
| 010 | _a 2009334269 | ||
| 040 |
_aDLC _cDLC _dDLC |
||
| 042 | _alcode | ||
| 043 | _af-rh--- | ||
| 050 | _aRTZ170.P47 2009 | ||
| 245 | 0 | 2 |
_aA people's guide to the Agreement. _cBookteam |
| 260 |
_aHarare : _bBookteam, Africa Community Publishing and Development Trust, _c[2009] |
||
| 300 |
_a60 p. : _bill. ; _c21 cm. |
||
| 500 | _a"February 2009." | ||
| 500 | _a"...sometimes called the Global Political Agreement"--P. 2. | ||
| 650 |
_aConstitutional law _zZimbabwe _943364 |
||
| 651 | 0 |
_aZimbabwe _xPolitics and government _y1980- _944554 |
|
| 710 | 2 |
_aACPD Bookteam. _911778 |
|
| 906 |
_a7 _bcbc _corigode _d3 _encip _f20 _gy-gencatlg |
||
| 942 |
_2lcc _cMONOGRAPH |
||